Catálogo

Winston Churchill. (Registro nro. 64485)

Detalles MARC
000 -LEADER
fixed length control field 01104cam a2200313 i 4500
001 - CONTROL NUMBER
control field 64485
003 - CONTROL NUMBER IDENTIFIER
control field Mx-PuUPA
005 - DATE AND TIME OF LATEST TRANSACTION
control field 20240410104106.0
008 - FIXED-LENGTH DATA ELEMENTS--GENERAL INFORMATION
fixed length control field 220603s2002 sp a|||gr|||| 00| 0bspa d
020 ## - INTERNATIONAL STANDARD BOOK NUMBER
International Standard Book Number 8424499030539
040 ## - CATALOGING SOURCE
Original cataloging agency Mx-PuUPA
Language of cataloging spa
Description conventions rda
Transcribing agency Mx-PuUPA
Modifying agency Mx-PuUPA
041 1# - LANGUAGE CODE
Language code of text/sound track or separate title spa
Language code of original eng
100 1# - MAIN ENTRY--PERSONAL NAME
9 (RLIN) 12679
Personal name Jenkins, Roy,
Relator term autor
240 10 - UNIFORM TITLE
Uniform title Churchill.
Language of a work Español
245 10 - TITLE STATEMENT
Title Winston Churchill.
Number of part/section of a work Volumen II /
Statement of responsibility, etc. Roy Jenkins ; de la traducción, Carme Camps Monfa
264 #1 - PRODUCTION, PUBLICATION, DISTRIBUTION, MANUFACTURE, AND COPYRIGHT NOTICE
Place of production, publication, distribution, manufacture [España] :
Name of producer, publisher, distributor, manufacturer Ediciones Folio,
Date of production, publication, distribution, manufacture, or copyright notice ©2002
300 ## - PHYSICAL DESCRIPTION
Extent 1 volumen (paginación varía) :
Other physical details ilustraciones ;
Dimensions 21 cm
336 ## - CONTENT TYPE
Content type term texto
Content type code txt
Fuente rdacontent
337 ## - MEDIA TYPE
Source rdamedia
Media type term sin medio
Media type code n
338 ## - CARRIER TYPE
Source rdacarrier
Carrier type term volumen
Carrier type code nc
600 14 - SUBJECT ADDED ENTRY--PERSONAL NAME
Personal name Churchill, Winston, 1874-1965
9 (RLIN) 6405
650 #7 - SUBJECT ADDED ENTRY--TOPICAL TERM
Source of heading or term armarc
Topical term or geographic name entry element Ministros
Geographic subdivision Gran Bretaña
Form subdivision Biografía
651 #4 - SUBJECT ADDED ENTRY--GEOGRAPHIC NAME
Geographic name Gran Bretaña
General subdivision Política y gobierno
Chronological subdivision Siglo XX
700 1# - ADDED ENTRY--PERSONAL NAME
Personal name Camps Monfa, Carme,
Relator term traductor
765 08 - ORIGINAL LANGUAGE ENTRY
Main entry heading Jenkins, Roy,
Title Churchill.
942 ## - ADDED ENTRY ELEMENTS (KOHA)
Koha item type Libro
Source of classification or shelving scheme Dewey Decimal Classification
Classification part 941.084092
Item part C555
Existencias
Withdrawn status Lost status Source of classification or shelving scheme Damaged status Not for loan Collection code Home library Current library Shelving location Date acquired Serial Enumeration / chronology Total Checkouts Full call number Barcode Date last seen Price effective from Koha item type
    Dewey Decimal Classification     General Tehuacán Tehuacán Sala general 03/06/2022 v.2   941.084092 C555 2002 968000000833 08/01/2025 03/06/2022 Libro